Udržateľné systémy energetického manažérstva

Salvato in:
Dettagli Bibliografici
Autore principale: Naščáková, Jana
Altri autori: Majerník, Milan, 1952-, Daneshjo, Naqibullah, 1964-, Tarča, Alexander, Mihok, Jozef, Müllerová, Jana, Rudy, Vladimír
Natura: Libro
Lingua:slovacco
Pubblicazione: Košice Petit 2020
Edizione:1. vydanie
Soggetti:
Tags: Aggiungi Tag
Nessun Tag, puoi essere il primo ad aggiungerne!!

MARC

LEADER 00000nam a2200000 4500
001 0272110
005 20240502074306.1
020 |a 978-80-973836-0-2 
041 0 |a slo 
044 |a SK 
245 1 0 |a Udržateľné systémy energetického manažérstva  |c Jana Naščáková, Milan Majerník, Naqibullah Daneshjo, Alexander Tarča ; recenzenti: Jozef Mihok, Jana Müllerová, Vladimír Rudy 
250 |a 1. vydanie 
264 1 |a Košice  |b Petit  |c 2020 
300 |a 170 s. [8,5 AH] 
610 2 0 |a zdroje energetické 
610 2 0 |a rast hospodársky 
610 2 0 |a pokrok vedeckotechnický 
610 2 0 |a kvalita života 
610 2 0 |a manažment environmentálny 
610 2 0 |a spotreba energie 
100 1 |a Naščáková, Jana 
700 1 |a Majerník, Milan, 1952- 
700 1 |a Daneshjo, Naqibullah, 1964- 
700 1 |a Tarča, Alexander 
700 1 |a Mihok, Jozef 
700 1 |a Müllerová, Jana 
700 1 |a Rudy, Vladimír